000 00336nam a2200133Ia 4500
008 231017s9999 xx 000 0 und d
082 _a623.62099
082 _bCAI
245 0 _aRoad Surface Characteristics and Crash Occurrence: A Literature Review
245 0 _cAUSTROADS
260 _bAUSTROADS
300 _c30cm
942 _cREP
999 _c604064
_d604064